000
00308nam a2200121 a 4500
001
4140
005
20140414131934.0
008
090218s19uu xx 00 eng d
050
_a
REF 591.734
_b
K86 2004
100
_a
Kratter, Paul
245
_a
The Living rain forest :
_b
an animal alphabet.
999
_c
112377
_d
112377